| 000 | 00464nam a2200193Ia 4500 | ||
|---|---|---|---|
| 003 | OSt | ||
| 005 | 20220927112449.0 | ||
| 006 | a|||||r|||| 00| 0 | ||
| 007 | ta | ||
| 008 | 220926b |||||||| |||| 00| 0 eng d | ||
| 024 | _a150389 | ||
| 037 | _cReports | ||
| 040 |
_aRTL _cRTL _beng |
||
| 041 |
_2eng _aeng |
||
| 082 | _a"X.4367r, K0" | ||
| 245 | 0 |
_aColonial Reports _b sarawak 1959-60 |
|
| 942 |
_h"X.4367r, K0" _cCC |
||
| 999 |
_c700237 _d700237 |
||